[Event "London Classic Open 2014"]
[Site "London ENG"]
[Date "2014.12.11"]
[Round "4.68"]
[White "Jyothilal, N."]
[Black "Peck, Silas"]
[Result "0-1"]
[WhiteElo "2031"]
[BlackElo "1862"]
[WhiteFideId "5002605"]
[BlackFideId "432865"]
[EventDate "2014.12.08"]

1. d4 d5 2. Nf3 Nf6 3. c4 e6 4. g3 Be7 5. Bg2 O-O 6. O-O Nbd7 7. Qc2 c6 8. Nbd2
b6 9. e4 Bb7 10. e5 Ne8 11. cxd5 cxd5 12. Re1 Rc8 13. Qb3 Nc7 14. Bf1 Nb8 15.
Bd3 Nc6 16. Nf1 Ba6 17. Bd2 Qd7 18. Ne3 Bxd3 19. Qxd3 Nb4 20. Bxb4 Bxb4 21. Ng5
f5 22. Rec1 h6 23. Nh3 Qb5 24. Nf4 Qxd3 25. Nxd3 Be7 26. a4 Na6 27. Kf1 Nb4 28.
Ke2 Nc6 29. Rxc6 Rxc6 30. f4 Kf7 31. Rg1 h5 32. h3 Rb8 33. Ra1 a6 34. Kd2 b5 35.
b4 bxa4 36. Rxa4 Rcb6 37. Nc2 Ra8 38. Ra5 Rb5 39. Ra4 a5 40. Nc5 Rc8 41. bxa5
Bxc5 42. dxc5 Rcxc5 43. Nd4 Rxa5 44. Rb4 Ra2+ 45. Kd1 Rc7 46. Rb6 Re7 47. Nc6
Re8 48. Ke1 Rc8 49. Kd1 Rg2 50. Nd4 Ra8 51. Rb7+ Kg6 52. Rb1 Rg1+ 53. Kc2 Rc8+
54. Kb2 Rb8+ 55. Nb3 Rxb1+ 0-1

[Event "London Classic Open 2014"]
[Site "London ENG"]
[Date "2014.12.11"]
[Round "4.69"]
[White "Arnetta, Maria Teresa"]
[Black "Kalerwa, Edwin M"]
[Result "1-0"]
[WhiteTitle "WFM"]
[WhiteElo "2027"]
[BlackElo "1840"]
[WhiteFideId "811572"]
[BlackFideId "422223"]
[EventDate "2014.12.08"]

1. e4 c5 2. Nf3 Nc6 3. c3 a6 4. d4 cxd4 5. cxd4 d5 6. exd5 Qxd5 7. Nc3 Qd8 8.
Bc4 e6 9. O-O Be7 10. d5 Na5 11. Be2 b5 12. Ne5 Nf6 13. Bf3 O-O 14. d6 Bxd6 15.
Nxf7 Rxf7 16. Bxa8 Rd7 17. Qe2 h5 18. g3 Qe8 19. Ne4 Be7 20. Nxf6+ Bxf6 21. Bf3
h4 22. Rb1 Rd4 23. Be3 Rd6 24. Bc5 Rc6 25. Rbc1 h3 26. b3 Nc4 27. Be3 Ne5 28.
Rxc6 Nxc6 29. Bg4 e5 30. Rc1 Bb7 31. Bxh3 e4 32. Qg4 Qa8 33. Qe6+ Kh8 34. Rc5 1-0

[Event "London Classic Open 2014"]
[Site "London ENG"]
[Date "2014.12.11"]
[Round "4.70"]
[White "Dror, Levi"]
[Black "Millward, Kevin P"]
[Result "1/2-1/2"]
[WhiteElo "1824"]
[BlackElo "2010"]
[WhiteFideId "2809583"]
[BlackFideId "404721"]
[EventDate "2014.12.08"]

1. e4 g6 2. g3 Bg7 3. Bg2 e5 4. Ne2 Nc6 5. O-O d6 6. d3 Be6 7. Be3 Qd7 8. c3 Bh3
9. Nd2 Nge7 10. b4 O-O 11. b5 Nd8 12. Qb3 Bxg2 13. Kxg2 d5 14. d4 exd4 15. Bxd4
Ne6 16. Bxg7 Kxg7 17. Rad1 Rad8 18. Nf3 Nc5 19. Qb4 Nxe4 20. c4 Qd6 21. Qb2+ Qf6
22. Qc2 Ng5 23. Nxg5 Qxg5 24. c5 Qf5 25. Qc3+ Kg8 26. Nd4 Qd7 27. c6 bxc6 28.
bxc6 Qd6 29. Rc1 Rb8 30. Nf3 Rb6 31. Nd4 Nf5 32. Nxf5 gxf5 33. Rfe1 d4 34. Qf3
Rb5 35. Qh5 d3 36. Qg5+ Qg6 37. Qd2 Rd5 38. Re7 Qd6 1/2-1/2

[Event "London Classic Open 2014"]
[Site "London ENG"]
[Date "2014.12.11"]
[Round "4.71"]
[White "Nilsen, Martin"]
[Black "Nordstrom, Hakon N"]
[Result "1-0"]
[WhiteElo "2006"]
[BlackElo "1836"]
[WhiteFideId "1510657"]
[BlackFideId "1513710"]
[EventDate "2014.12.08"]

1. Nf3 Nf6 2. g3 g6 3. Bg2 Bg7 4. O-O O-O 5. d4 c5 6. c4 d6 7. Nc3 Nbd7 8. d5 a6
9. a4 Rb8 10. e4 Ne8 11. Bf4 Qa5 12. Qd3 Qb4 13. Rfb1 b5 14. axb5 axb5 15. Nxb5
Nb6 16. Bf1 Bd7 17. b3 Bxb5 18. Bd2 Nxc4 19. bxc4 Bxc4 20. Qxc4 Qxb1 21. Rxb1
Rxb1 22. Kg2 Nc7 23. e5 Rfb8 24. exd6 exd6 25. Qf4 Ne8 26. Ng5 R8b7 27. Qh4 Kf8
28. Nxh7+ Kg8 29. Ng5 R1b2 30. Be3 R2b4 31. Qh3 Rc7 32. Bd3 c4 33. Bxg6 fxg6 34.
Qe6+ Kf8 35. Nh7# 1-0

[Event "London Classic Open 2014"]
[Site "London ENG"]
[Date "2014.12.11"]
[Round "4.72"]
[White "Parry, Jacques"]
[Black "Sharma, Amit"]
[Result "1/2-1/2"]
[WhiteElo "1783"]
[BlackElo "2006"]
[WhiteFideId "425923"]
[BlackFideId "5020522"]
[EventDate "2014.12.08"]

1. e4 c6 2. d4 d5 3. Nc3 dxe4 4. Nxe4 Bf5 5. Ng3 Bg6 6. Bc4 Nf6 7. N1e2 e5 8.
O-O Be7 9. f4 exf4 10. Nxf4 O-O 11. Nxg6 hxg6 12. Kh1 Nbd7 13. Qd3 Nd5 14. Ne2
N7f6 15. Bb3 b5 16. Bf4 a6 17. Be5 Bd6 18. Bxd6 Qxd6 19. Qg3 Qxg3 20. Nxg3 Rfe8
21. Rae1 Rad8 22. c3 Ng4 23. Bxd5 cxd5 24. Rxe8+ Rxe8 25. h3 Ne3 26. Re1 Kf8 27.
Kg1 Nc4 28. Rxe8+ Kxe8 29. b3 Nd6 30. Kf2 Kd7 31. Ke3 Ke6 32. Ne2 g5 33. Nc1
Nf5+ 34. Kf2 Nd6 35. Ke3 Nf5+ 36. Kf2 1/2-1/2

[Event "London Classic Open 2014"]
[Site "London ENG"]
[Date "2014.12.11"]
[Round "4.73"]
[White "Gschwendtner, Stanislav"]
[Black "De Lagontrie, Jean"]
[Result "1-0"]
[WhiteElo "1998"]
[BlackElo "1802"]
[WhiteFideId "307297"]
[BlackFideId "605271"]
[EventDate "2014.12.08"]

1. c4 Nf6 2. Nc3 e6 3. e4 d5 4. e5 d4 5. exf6 dxc3 6. bxc3 Qxf6 7. Nf3 c5 8. d4
h6 9. Bd3 cxd4 10. cxd4 Bb4+ 11. Kf1 O-O 12. Bb2 Qe7 13. Qe2 Nd7 14. h4 Ba3 15.
Bxa3 Qxa3 16. Rh3 Nf6 17. Ne5 Qa4 18. g4 g6 19. g5 hxg5 20. hxg5 Nh5 21. Rxh5 1-0

[Event "London Classic Open 2014"]
[Site "London ENG"]
[Date "2014.12.11"]
[Round "4.74"]
[White "Chilton, James I"]
[Black "McKerracher, Douglas"]
[Result "0-1"]
[WhiteElo "1763"]
[BlackElo "1980"]
[WhiteFideId "423009"]
[BlackFideId "2401002"]
[EventDate "2014.12.08"]

1. e4 d5 2. exd5 Qxd5 3. Nc3 Qa5 4. d4 Nf6 5. Nf3 c6 6. Bd3 Bg4 7. O-O e6 8. h3
Bh5 9. Bf4 Nbd7 10. g4 Bg6 11. Ne5 Nxe5 12. Bxe5 Be7 13. Ne2 O-O 14. Nf4 Rad8
15. Nxg6 hxg6 16. c3 Nd7 17. Bg3 Nf6 18. Qe2 Qd5 19. Rfe1 c5 20. Bc4 Qd7 21.
Rad1 cxd4 22. Rxd4 Qc6 23. Red1 Rxd4 24. Rxd4 Bc5 25. Rf4 a6 26. Bd3 Re8 27. Rf3
e5 28. Bxe5 Nd7 29. Be4 Qe6 30. b4 Nxe5 31. Rf4 Ba7 32. Bxb7 Bb8 33. c4 Qd6 34.
Kf1 Qxb4 35. Bd5 Re7 36. Re4 Kf8 37. f4 Qb1+ 38. Kg2 f5 39. Rxe5 Bxe5 40. fxe5
f4 41. e6 Qc1 42. g5 Qc3 43. h4 Qg3+ 44. Kf1 Qxh4 45. Qe5 Qh3+ 46. Bg2 Qd3+ 47.
Kg1 Qd1+ 48. Kh2 Qh5+ 49. Kg1 Kg8 50. Qxf4 Rxe6 51. Bd5 Qd1+ 52. Kg2 Qe2+ 53.
Qf2 Qg4+ 54. Qg3 Qe2+ 55. Qf2 Qe5 56. Bxe6+ Qxe6 57. Qf4 Qe2+ 58. Kg1 Qxa2 59.
Qb8+ Kh7 60. Qc8 Qb1+ 61. Kf2 Qc2+ 62. Kf3 Qd3+ 63. Kf4 Qd4+ 64. Kf3 Qd3+ 65.
Kf4 a5 66. c5 a4 67. c6 a3 68. Qa8 Qc4+ 69. Kg3 Qd3+ 70. Kg4 Qf5+ 71. Kh4 Qf4+
72. Kh3 Qf3+ 73. Kh4 Qh1+ 74. Kg4 Qg2+ 75. Kf4 a2 76. Qa3 Qf1+ 77. Ke5 a1=Q+ 78.
Qxa1 Qxa1+ 79. Kd6 Qd4+ 80. Ke7 Qe5+ 81. Kd7 Qf5+ 82. Kd6 Qxg5 83. c7 Qf4+ 84.
Kd7 Qxc7+ 0-1

[Event "London Classic Open 2014"]
[Site "London ENG"]
[Date "2014.12.11"]
[Round "4.76"]
[White "Cavendish, Joshua Z"]
[Black "Lobersli, Henrik Oie"]
[Result "0-1"]
[WhiteElo "1747"]
[BlackElo "1961"]
[WhiteFideId "418005"]
[BlackFideId "1511947"]
[EventDate "2014.12.08"]

1. f4 d5 2. Nf3 Nc6 3. b3 Bg4 4. e3 e5 5. fxe5 Nxe5 6. Be2 Bd6 7. Nxe5 Bxe5 8.
d4 Qh4+ 9. Kf1 Bxe2+ 10. Qxe2 Bd6 11. Qb5+ Ke7 12. Nc3 Nf6 13. Nxd5+ Nxd5 14.
Qxd5 c6 15. Qf3 Rae8 16. Bd2 Kd8 17. Ke2 Qxd4 18. Qxf7 Bb4 19. Rhd1 Kc8 20. Bxb4
Rxe3+ 21. Kf2 Rd3+ 22. Ke2 Rxd1 23. Rxd1 Qxb4 24. Qxg7 Re8+ 25. Kf1 Qf4+ 26. Kg1
Qe3+ 0-1

[Event "London Classic Open 2014"]
[Site "London ENG"]
[Date "2014.12.11"]
[Round "4.77"]
[White "Ali, Niall"]
[Black "Shepley, Julien M"]
[Result "0-1"]
[WhiteElo "1553"]
[BlackElo "1942"]
[WhiteFideId "430528"]
[BlackFideId "403210"]
[EventDate "2014.12.08"]

1. Nf3 d6 2. d4 Nf6 3. g3 Bg4 4. Bg2 c6 5. c4 Qc8 6. O-O Bh3 7. Nc3 h5 8. e4
Bxg2 9. Kxg2 e6 10. Bf4 Nbd7 11. Rc1 Be7 12. d5 e5 13. Bd2 Nc5 14. Qe2 a5 15.
Rfe1 Nfd7 16. h4 Nf6 17. Qd1 Nd3 18. Qc2 Nxe1+ 19. Nxe1 O-O 20. Na4 Qg4 21. f3
Qg6 22. Kh2 Nd7 23. Qb3 Rfc8 24. Qd3 Nc5 25. Qc2 Nxa4 26. Qxa4 b5 27. cxb5 cxb5
28. Qa3 f5 29. Qd3 f4 30. gxf4 Bxh4 31. fxe5 Qg3+ 32. Kh1 Qh3+ 33. Kg1 Bg3 34.
Qe2 Bxe5 35. Qg2 Qxg2+ 36. Kxg2 Bxb2 37. Rc6 Rd8 38. Nd3 Bf6 39. Nf4 Bg5 40. Bc1
Rdc8 41. Nd3 Bxc1 42. Rxc1 Rxc1 43. Nxc1 Rc8 44. Nb3 Rc2+ 45. Kg3 Rxa2 46. Kf4
Kf7 47. e5 dxe5+ 48. Kxe5 h4 49. d6 h3 50. d7 Ke7 51. Nc5 Re2+ 52. Kd5 Rd2+ 53.
Kc6 Rc2 54. Kb6 Rxc5 0-1

[Event "London Classic Open 2014"]
[Site "London ENG"]
[Date "2014.12.11"]
[Round "4.80"]
[White "Ditmas, Hugh"]
[Black "Wandowicz, Kajetan"]
[Result "1/2-1/2"]
[WhiteElo "1993"]
[BlackElo "1741"]
[WhiteFideId "1270666"]
[BlackFideId "1169777"]
[EventDate "2014.12.08"]

1. d4 Nf6 2. c4 c5 3. d5 e6 4. Nc3 exd5 5. cxd5 d6 6. e4 g6 7. h3 Bg7 8. Nf3 O-O
9. Bd3 b5 10. Nxb5 Nxe4 11. Bxe4 Re8 12. O-O Rxe4 13. Nd2 Rb4 14. Nc3 Ba6 15.
Re1 Nd7 16. Nf3 Ne5 17. a3 Nxf3+ 18. Qxf3 Rb3 19. Qe4 Bd4 20. Qc2 Rab8 21. a4
R3b4 22. Nb5 Bxb5 23. axb5 Qd7 24. Bg5 Rxb2 25. Qe4 Rxf2 26. Kh1 Bxa1 27. Rxa1
Qf5 28. Qe3 Rf1+ 29. Rxf1 Qxf1+ 30. Kh2 Qf5 31. Bf4 Qxd5 32. Qe7 Qe6 33. Qc7
Rxb5 34. Bxd6 Qe8 35. Qxa7 h5 36. Qa4 Rb8 37. Qf4 Rc8 38. Be5 Qe6 39. Bc3 Rc6
40. Qh6 Qd6+ 41. Kh1 Qd1+ 42. Kh2 Qd6+ 43. Kh1 Qd1+ 44. Kh2 f6 45. Qxg6+ Kf8 46.
Qh6+ Ke8 47. Qg6+ Kd7 48. Qf5+ Kc7 49. Ba5+ Kb7 50. Bc3 Qd6+ 51. Kh1 Qd1+ 52.
Kh2 Ka6 53. Qe4 Kb5 54. Qe8 Qd6+ 55. Kh1 Qd3 56. Be1 Qd1 57. Kh2 c4 58. Qb8+ Rb6
59. Qe8+ Rc6 60. Qb8+ Rb6 61. Qe8+ Rc6 62. Qb8+ Rb6 63. Qe8+ Rc6 64. Qb8+ Ka6
65. Qa8+ Kb6 66. Qb8+ Ka6 67. Qa8+ Kb6 68. Qb8+ 1/2-1/2

[Event "London Classic Open 2014"]
[Site "London ENG"]
[Date "2014.12.11"]
[Round "4.81"]
[White "Altman, Joshua"]
[Black "Allison, Conrad"]
[Result "0-1"]
[WhiteTitle "CM"]
[WhiteElo "1723"]
[BlackElo "1956"]
[WhiteFideId "426210"]
[BlackFideId "429244"]
[EventDate "2014.12.08"]

1. e4 e5 2. Nf3 Nc6 3. Bb5 a6 4. Ba4 d6 5. c3 f5 6. d3 Nf6 7. Nbd2 Be7 8. O-O
fxe4 9. dxe4 Bg4 10. Bc2 O-O 11. h3 Bh5 12. Re1 Qd7 13. Bd3 Kh8 14. Be2 Bg6 15.
Bf1 Nh5 16. Nc4 Nf4 17. Ncxe5 Qe6 18. Bc4 Qc8 19. Bxf4 Rxf4 20. Nxg6+ hxg6 21.
Bd5 g5 22. Ne5 Qe8 23. Nc4 Qg6 24. Ne3 Ne5 25. Bb3 c6 26. Nf5 Bf8 27. Ne3 Re8
28. Bc2 Qf7 29. Bb3 Qg6 30. Bc2 Be7 31. Rf1 Ref8 32. Nf5 Re8 33. Ne3 Bd8 34. Nf5
Bc7 35. Ne3 Qh7 36. f3 g6 37. Qd4 Ref8 38. Rf2 R8f7 39. Bb3 Rd7 40. Rc1 d5 41.
Qc5 dxe4 42. fxe4 Rxf2 43. Qa7 Rf8 44. Qxb7 Nd3 0-1

[Event "London Classic Open 2014"]
[Site "London ENG"]
[Date "2014.12.11"]
[Round "4.82"]
[White "Kouchak, Jason"]
[Black "Wood, Peter R"]
[Result "1/2-1/2"]
[WhiteElo "1720"]
[BlackElo "1941"]
[WhiteFideId "26011379"]
[BlackFideId "422215"]
[EventDate "2014.12.08"]

1. d4 e6 2. Nf3 Nf6 3. Bg5 d5 4. Nbd2 Be7 5. Bxf6 Bxf6 6. c3 Nd7 7. e3 O-O 8.
Bd3 e5 9. dxe5 Nxe5 10. Nxe5 Bxe5 11. Nf3 Bf6 12. h4 Re8 13. Qc2 h6 14. O-O-O
Bg4 15. Bh7+ Kh8 16. Bf5 Bxf5 17. Qxf5 c6 18. g4 Qc8 19. Qf4 Qb8 20. Qf5 Qc8 1/2-1/2

[Event "London Classic Open 2014"]
[Site "London ENG"]
[Date "2014.12.11"]
[Round "4.83"]
[White "Pattni, Kishan"]
[Black "Shah, Dipak K"]
[Result "1-0"]
[WhiteElo "1716"]
[BlackElo "1873"]
[WhiteFideId "420751"]
[BlackFideId "425842"]
[EventDate "2014.12.08"]

1. d4 g6 2. c4 Bg7 3. Nc3 d6 4. e4 Nd7 5. Bd3 e5 6. d5 Ne7 7. Nge2 O-O 8. g4 Nf6
9. f3 Bd7 10. Ng3 Nc8 11. h4 Nb6 12. Be3 c5 13. Qd2 a5 14. Bh6 Bxg4 15. fxg4
Nxg4 16. Bxg7 Kxg7 17. O-O-O h5 18. Rdg1 Kh7 19. Nd1 Qd7 20. Ne3 Nxe3 21. Qxe3
Qa4 22. Nf5 gxf5 23. Qg5 1-0

[Event "London Classic Open 2014"]
[Site "London ENG"]
[Date "2014.12.11"]
[Round "4.84"]
[White "Rygg, Snorre"]
[Black "Miu, Marinel"]
[Result "1-0"]
[WhiteElo "1865"]
[BlackElo "1743"]
[WhiteFideId "1516035"]
[BlackFideId "1220691"]
[EventDate "2014.12.08"]

1. c4 c6 2. d4 d5 3. Nc3 e6 4. Bf4 Bd6 5. Bxd6 Qxd6 6. e3 f5 7. Nf3 Nf6 8. Bd3
O-O 9. O-O Ne4 10. cxd5 exd5 11. Ne5 Nd7 12. f4 Qh6 13. Rf3 Qh4 14. Qe2 Nxe5 15.
dxe5 Be6 16. Bxe4 dxe4 17. Rff1 Qe7 18. Rfd1 Rfd8 19. Rac1 Qb4 20. b3 b5 21. Rc2
a6 22. Rcd2 Qa5 23. Nb1 Rd5 24. Rxd5 Bxd5 25. Qc2 b4 26. Nd2 Qb6 27. Nc4 Qc5 28.
Rd4 g5 29. g3 gxf4 30. gxf4 Ra7 31. Rd2 Bxc4 32. Qxc4+ Qxc4 33. bxc4 Kf7 34. Rd6
a5 35. Rxc6 a4 36. Rd6 b3 37. axb3 axb3 38. Rb6 Ra1+ 39. Kg2 Ra2+ 40. Kg3 b2 41.
Kh4 h6 42. h3 Ke7 43. Kh5 Kd7 44. h4 Kc7 45. Rb3 Kc6 46. Rb5 Ra3 47. Rxb2 Rxe3
48. Kg6 Re1 49. Kxf5 e3 50. e6 e2 51. Rd2 Rd1 52. Rxe2 Rd8 53. e7 Re8 54. Kf6 1-0

[Event "London Classic Open 2014"]
[Site "London ENG"]
[Date "2014.12.11"]
[Round "4.85"]
[White "Wong, Shyun Fwu Aldrin"]
[Black "Fernandez Aransay, Fernando"]
[Result "0-1"]
[WhiteElo "1652"]
[BlackElo "1861"]
[WhiteFideId "5806500"]
[BlackFideId "2216280"]
[EventDate "2014.12.08"]

1. e4 c5 2. Nf3 d6 3. d4 cxd4 4. Nxd4 Nf6 5. Nc3 g6 6. Be3 Bg7 7. f3 O-O 8. Qd2
Nc6 9. O-O-O d5 10. Nxc6 bxc6 11. exd5 cxd5 12. Bd4 Qa5 13. Be5 Be6 14. Qd4 Rfd8
15. Qa4 Qc5 16. Bd4 Bh6+ 17. Kb1 Qc7 18. Nb5 Qb7 19. Qa5 Rdc8 20. Bxf6 exf6 21.
Nd6 Qc7 22. Qxc7 Rxc7 23. Nb5 Rb7 24. Nd4 Rab8 25. b3 Bd7 26. a4 Bxa4 27. Ka2
Bd7 28. Be2 a5 29. g3 a4 30. f4 Ra7 31. Kb2 f5 32. Ra1 Bg7 33. c3 Bxd4 34. cxd4
Rxb3+ 35. Ka2 Rb4 36. Rhd1 Rc7 37. Rd2 Rc3 38. Rb1 Rbb3 39. Rxb3 Rxb3 40. Bd1
Re3 41. Be2 Kg7 42. Bd3 h6 43. Kb2 g5 44. fxg5 hxg5 45. Kc2 Kf6 46. Rf2 a3 47.
Rf1 Rxd3 0-1

[Event "London Classic Open 2014"]
[Site "London ENG"]
[Date "2014.12.11"]
[Round "4.87"]
[White "Viudes Serra, Aaron"]
[Black "Lie, Terje"]
[Result "1-0"]
[WhiteElo "1818"]
[BlackElo "1593"]
[WhiteFideId "2247658"]
[BlackFideId "1504916"]
[EventDate "2014.12.08"]

1. e4 c5 2. f4 Nc6 3. Nc3 e6 4. Bc4 a6 5. a4 d6 6. Nf3 Nf6 7. Qe2 Be7 8. d3 O-O
9. Bd2 Re8 10. Bb3 d5 11. O-O Nd4 12. Nxd4 cxd4 13. Nb1 Bc5 14. e5 Nd7 15. Rf3
Nf8 16. Be1 Bd7 17. Nd2 b5 18. Rh3 g6 19. Nf3 h5 20. a5 Bc6 21. Bf2 Qc7 22. c3
Rac8 23. Nxd4 Bd7 24. Kh1 Qb7 25. g4 Bxd4 26. cxd4 Rc6 27. gxh5 Rec8 28. Be3 Be8
29. Rg1 Qc7 30. hxg6 fxg6 31. Bd2 Qg7 32. f5 R8c7 33. f6 Qd7 34. Kg2 Qc8 35. Kf2
Rh7 36. Bh6 Qc7 37. Qd2 Qf7 38. Rhg3 Rc7 39. h4 Rxh6 40. Qxh6 Qh7 41. Qg5 Qh8
42. h5 Rh7 43. Bd1 Rh6 44. Qc1 Qh7 45. Qc8 Qd7 46. Qxa6 Bf7 47. Qb6 Qc8 48. Qc5
Qa6 49. b4 Qb7 50. R1g2 Qd7 51. a6 Qe8 52. a7 Nh7 53. Qe7 Qc8 54. hxg6 Rxg6 55.
Rxg6+ Kh8 56. Rg8+ Qxg8 57. Rxg8+ Kxg8 58. a8=Q+ 1-0

[Event "London Classic Open 2014"]
[Site "London ENG"]
[Date "2014.12.11"]
[Round "4.88"]
[White "Kebbedies, Frank"]
[Black "Sajjadi, Kimiya"]
[Result "0-1"]
[WhiteElo "1803"]
[BlackElo "1611"]
[WhiteFideId "24606944"]
[BlackFideId "1516434"]
[EventDate "2014.12.08"]

1. d4 d5 2. c4 dxc4 3. Nf3 Nf6 4. Nc3 a6 5. e4 b5 6. e5 Nd5 7. a4 Nxc3 8. bxc3
Bb7 9. e6 f6 10. Bf4 Qd5 11. Be2 Qxe6 12. O-O Qd7 13. Qb1 e6 14. Bxc4 Bxf3 15.
Bxe6 Qxe6 16. Re1 Be2 17. Ra2 Kf7 18. Raxe2 Qd5 19. Bxc7 Nc6 20. axb5 axb5 21.
Rb2 b4 22. c4 Qd7 23. Qe4 Bd6 24. Qd5+ Kg6 25. Bxd6 Rhe8 26. Rxe8 Ra1+ 0-1

[Event "London Classic Open 2014"]
[Site "London ENG"]
[Date "2014.12.11"]
[Round "4.91"]
[White "Cannon, Richard J"]
[Black "Siddiqui, Nida Mishraz"]
[Result "1-0"]
[BlackTitle "WCM"]
[WhiteElo "2041"]
[BlackElo "1636"]
[WhiteFideId "408670"]
[BlackFideId "7800495"]
[EventDate "2014.12.08"]

1. e4 e5 2. Nf3 Nc6 3. Bb5 a6 4. Ba4 Nf6 5. O-O Be7 6. Re1 b5 7. Bb3 O-O 8. d4
d6 9. c3 Bg4 10. Be3 Na5 11. dxe5 dxe5 12. Qxd8 Rfxd8 13. Nxe5 Nxb3 14. axb3 Bd6
15. Nc6 Re8 16. f3 Bd7 17. Nd4 c5 18. Nc2 Be6 19. Nd2 Nd7 20. f4 f6 21. g3 Bf7
22. Bf2 g5 23. Be3 Bg6 24. fxg5 Bxe4 25. Nxe4 Rxe4 26. gxf6 Nxf6 27. Bg5 Rxe1+
28. Rxe1 Kf7 29. Rf1 Be5 30. Ne3 Ke6 31. Bxf6 Bxf6 32. Rf5 Rc8 33. Rh5 b4 34.
Nd5 bxc3 35. bxc3 Be5 36. Nb6 Rf8 37. Rxe5+ Kxe5 38. Nd7+ Kd5 39. Nxf8 h6 40.
Kf2 Ke4 41. Ke2 a5 42. Nd7 c4 43. bxc4 h5 44. Nc5+ Ke5 45. Ke3 Kf5 46. h3 Ke5
47. Na4 Kd6 48. Kd4 Kc6 49. g4 hxg4 50. hxg4 Kd6 51. c5+ 1-0

[Event "London Classic Open 2014"]
[Site "London ENG"]
[Date "2014.12.11"]
[Round "4.92"]
[White "Grey, Nicholas D"]
[Black "Inglese, Guido"]
[Result "1-0"]
[WhiteElo "1766"]
[BlackElo "1619"]
[WhiteFideId "415448"]
[BlackFideId "821250"]
[EventDate "2014.12.08"]

1. e4 b6 2. d4 Bb7 3. Nc3 e6 4. Bd3 Nf6 5. Nf3 Bb4 6. Qe2 d5 7. exd5 Bxd5 8. O-O
Bxc3 9. bxc3 O-O 10. Bg5 h6 11. Bh4 Nbd7 12. Rfe1 c5 13. Ne5 g5 14. Bg3 Rc8 15.
Ba6 Ra8 16. c4 Be4 17. f3 Bh7 18. Nc6 Qe8 19. Bb7 Rb8 20. Nxb8 Nxb8 21. Bd6 Qd7
22. Bxf8 Kxf8 23. Qe5 Qxd4+ 24. Qxd4 cxd4 25. Rad1 Bxc2 26. Rxd4 Ke7 27. Rc1 Bg6
28. c5 bxc5 29. Rxc5 Nbd7 30. Ra5 e5 31. Rd2 Bf5 32. Rxa7 Be6 33. Bc6 h5 34. a4
g4 35. a5 Kd8 36. a6 Ke8 37. Bxd7+ Nxd7 38. Rdxd7 1-0

[Event "London Classic Open 2014"]
[Site "London ENG"]
[Date "2014.12.11"]
[Round "4.93"]
[White "Fixmer, Eric"]
[Black "Van Zyl-Rudd, Jack"]
[Result "0-1"]
[WhiteElo "1686"]
[BlackElo "1564"]
[WhiteFideId "4004469"]
[BlackFideId "14310929"]
[EventDate "2014.12.08"]

1. e4 c5 2. Nc3 e6 3. f4 Nc6 4. Nf3 a6 5. d3 d5 6. e5 Be7 7. Be2 Nh6 8. O-O O-O
9. a4 Qc7 10. Qe1 Nf5 11. g4 Nfd4 12. Bd1 Nxf3+ 13. Rxf3 f6 14. exf6 Bxf6 15. g5
Be7 16. Qh4 Bd6 17. f5 Rxf5 18. Rxf5 exf5 19. Nxd5 Qd8 20. c4 Ne5 21. Be2 Ng6
22. Qf2 f4 23. h4 Be5 24. Qxc5 Be6 25. d4 Rc8 26. Qb4 Bxd4+ 27. Kf1 Bxd5 28.
cxd5 Qxd5 29. Ke1 Qh1+ 30. Bf1 Re8+ 0-1

[Event "London Classic Open 2014"]
[Site "London ENG"]
[Date "2014.12.12"]
[Round "5.1"]
[White "Dragun, Kamil"]
[Black "Stopa, Jacek"]
[Result "1/2-1/2"]
[WhiteTitle "GM"]
[BlackTitle "IM"]
[WhiteElo "2547"]
[BlackElo "2521"]
[WhiteFideId "1134167"]
[BlackFideId "1119591"]
[EventDate "2014.12.08"]

1. d4 d5 2. c4 c6 3. e3 Nf6 4. Nf3 e6 5. Bd3 Nbd7 6. O-O Bd6 7. Nbd2 O-O 8. e4
dxe4 9. Nxe4 Nxe4 10. Bxe4 h6 11. Bc2 e5 12. c5 Bb8 13. Qd3 f5 14. dxe5 Nxe5 15.
Bb3+ Kh7 16. Qc3 Nxf3+ 17. Qxf3 f4 18. Bc2+ Bf5 19. Bxf5+ Rxf5 20. Rd1 Qf6 21.
Qe4 Qe5 22. Qxe5 Bxe5 23. Rb1 Re8 1/2-1/2

[Event "London Classic Open 2014"]
[Site "London ENG"]
[Date "2014.12.12"]
[Round "5.2"]
[White "Tkachiev, Vladislav"]
[Black "Bai, Jinshi"]
[Result "1/2-1/2"]
[WhiteTitle "GM"]
[BlackTitle "IM"]
[WhiteElo "2629"]
[BlackElo "2444"]
[WhiteFideId "618438"]
[BlackFideId "8602280"]
[EventDate "2014.12.08"]

1. Nf3 Nf6 2. c4 g6 3. d4 Bg7 4. g3 c6 5. Nc3 d5 6. Qb3 O-O 7. Bg2 Qb6 8. O-O
Rd8 9. Rd1 Bf5 10. Ne1 Qxb3 11. axb3 Na6 12. Bf4 Ne4 13. cxd5 cxd5 14. Ra5 Nb4
15. Rb5 Nxc3 16. bxc3 Na2 17. Bd2 Rac8 18. Rxb7 e6 19. e3 Nxc3 20. Ra1 e5 21.
Raxa7 Be6 22. Nd3 exd4 23. Nf4 dxe3 24. fxe3 Bf6 25. Nxe6 fxe6 26. Bh3 Rc6 27.
Rc7 Rxc7 28. Rxc7 Ne4 29. Bxe6+ Kh8 30. Bc1 Rd6 31. Bg4 Rb6 32. Bd1 Ra6 33. Bc2
Ra1 34. Bxe4 dxe4 35. Kg2 Rb1 36. Ba3 Rxb3 37. Bc5 1/2-1/2

[Event "London Classic Open 2014"]
[Site "London ENG"]
[Date "2014.12.12"]
[Round "5.3"]
[White "Socko, Bartosz"]
[Black "Chirila, Ioan-Cristian"]
[Result "1/2-1/2"]
[WhiteTitle "GM"]
[BlackTitle "GM"]
[WhiteElo "2617"]
[BlackElo "2547"]
[WhiteFideId "1107038"]
[BlackFideId "1211668"]
[EventDate "2014.12.08"]

1. e4 e5 2. Nf3 Nc6 3. Bc4 Nf6 4. Ng5 d5 5. exd5 Na5 6. Bb5+ c6 7. dxc6 bxc6 8.
Be2 h6 9. Nh3 Be7 10. d3 O-O 11. O-O Qc7 12. Nc3 Rd8 13. Qe1 Rb8 14. f4 Bxh3 15.
gxh3 exf4 16. Bxf4 Bd6 17. Bxd6 Qxd6 18. Rb1 c5 19. Qg3 Nc6 20. Qxd6 Rxd6 21.
Rf2 Nd4 22. Bf3 Re6 23. b3 c4 24. Bg2 cxd3 25. cxd3 Re3 26. Nd5 Rxd3 27. Nxf6+
gxf6 28. Rxf6 Rb6 29. Rf2 Kg7 30. Rc1 Rf6 31. Bf1 Nf3+ 32. Kh1 Re3 33. Bb5 Nd4
34. Rg1+ Rg6 35. Bc4 Rxg1+ 36. Kxg1 f5 37. Rd2 Re4 38. Rg2+ Kf6 39. Rg8 Nf3+ 40.
Kf2 Ne5 41. Be2 Rd4 42. Ke3 Re4+ 43. Kf2 Rd4 44. Ke3 Re4+ 1/2-1/2